Statistiques concernant Livres d'Astérix et Obélix

Cliquez ici pour prendre le quiz!

Statistiques générales

  • Ce quiz a été pris 72 fois
  • Le résultat moyen est 17 sur 40

Statistiques - réponses

Année de PublicationRéponse% Correct
1961Astérix {le Gaulois}
95%
1968Astérix aux {Jeux olympiques}
74%
1965Astérix et {Cléopatre}
72%
1966Astérix chez {les Bretons}
66%
1969Astérix en {Hispanie}
64%
1962La Serpe d'Or
64%
1970La Zizanie
64%
1970Astérix chez {les Helvètes}
62%
1979Astérix chez {les Belges}
53%
1973Astérix en {Corse}
53%
1967Astérix {légionnaire}
53%
1983{Le Fils} d'Astérix
53%
1969Astérix et {le chaudron}
52%
1963Astérix et {les Goths}
52%
1966Astérix et {les Normands}
47%
1966Le Combat des Chefs
45%
1975La Grande Traversée
43%
1972Les Lauriers de César
43%
1964Astérix {gladiateur}
41%
1976Obélix et compagnie
41%
1987Astérix chez {Rahàzade}
40%
1972Le Devin
40%
2013Astérix chez {les Pictes}
38%
2001Astérix et {Latraviata}
38%
1971Le Domaine des dieux
38%
1980Le Grand Fossé
38%
1974Le Cadeau de César
36%
1981{L'Odyssée} d'Astérix
34%
1991La Rose et le Glaive
33%
1968Le Bouclier arverne
31%
2017Astérix et {la Transitalique}
24%
2021Astérix et {le Griffon}
24%
2019La Fille de Vercingétorix
22%
1996La Galère d'Obélix
21%
1965{La Tour de Gaule} d'Astérix
21%
2023L'Iris blanc
21%
2005Le ciel lui tombe sur la tête
19%
2003Astérix et {la rentrée Gauloise}
17%
2015Le Papyrus de César
16%
2009L'Anniversaire d'Astérix et Obélix - Le Livre d'or
2%

Distribution des résultats

Percentile par nombre de réponses

% des personnes avec chaque résultat

Votre développement - résultats

Vous n’avez pas pris ce quiz